|
|
|
|
| LEADER |
00000cam a2200000 7i4500 |
| 001 |
0000025732 |
| 005 |
20141202.0 |
| 008 |
141128 my v may |
| 040 |
|
|
|a INS
|
| 090 |
0 |
0 |
|a VCD 2214
|
| 245 |
0 |
0 |
|a Majlis Sambutan Hari Inovasi & Konvensyen Kumpulan Inovatif & Kreatif (KIK) [
|h video recording]
|f 22 Oktober 2013
|
| 260 |
|
|
|a Bangi :
|b Inspen ,
|c 2013
|
| 300 |
|
|
|a 1 cakera video (111min.03s.) :
|b bny., wrn. ;
|c 4 3/4 in.
|
| 500 |
|
|
|a DVD 2
|
| 650 |
|
0 |
|a Design and technology
|x Competitions
|
| 710 |
2 |
|
|a Institut Penilaian Negara
|
| 999 |
|
|
|a VCD0002214
|b VIDEO CD
|c Media Collection
|e Default branch
|